00836nam a2200205 a 450000100100000000500170001000800410002704000250006824500910009326000340018430000200021849000330023850400260027171000510029783000400034804900090038895201110039795201050050899900170061300002810020240307073947.0110413s1980 dr 000 0 spa d aDO-SdBNPbspacBNPHU00aInstructivos para el diseño y planificaciónde los planes de estudios y pogramas /. aSanto Domingo :bUASD,c1980. a44 p. ;c21 cm.1 aPlanes de estudiosv1aOPLAU aBibliografía: p. 431 aUniversidad Autónoma de Santo Domingo972951 0aPlanes de estudiosn1pOPLAU955111 aBNPD 0010718PDaGRbGRcHDd2015-05-15iLF1l0o p28100-30r2020-06-25te. 2w2020-06-25yLFPDZNo se presta 0010718PDaPDbPDcHDd2011-04-06iLF1l0o p28100-10r2020-06-25w2020-06-25yLFPDZNo se presta c27592d27592